Space quasiconformal composition operators with applications to Neumann eigenvalues; Analysis and Mathematical Physics; Vol. 10, iss. 4

Podrobná bibliografie
Parent link:Analysis and Mathematical Physics
Vol. 10, iss. 4.— 2020.— [78, 20 p.]
Korporativní autor: Национальный исследовательский Томский политехнический университет Школа базовой инженерной подготовки Отделение математики и информатики
Další autoři: Goldshtein V. M. Vladimir Mikhaylovich, Hurri-Syrjanen R. Ritva, Pchelintsev V. A. Valery Anatoljevich, Ukhlov A. D. Alexander Dadar-oolovich
Shrnutí:Title screen
In this article we obtain estimates of Neumann eigenvalues of p-Laplace operators in a large class of space domains satisfying quasihyperbolic boundary conditions. The suggested method is based on composition operators generated by quasiconformal mappings and their applications to Sobolev–Poincarй-inequalities. By using a sharp version of the reverse Hцlder inequality we refine our estimates for quasi-balls, that is, images of balls under quasiconformal mappings of the whole space.
Режим доступа: по договору с организацией-держателем ресурса
Jazyk:angličtina
Vydáno: 2020
Témata:
On-line přístup:https://doi.org/10.1007/s13324-020-00420-0
Médium: Elektronický zdroj Kapitola
KOHA link:https://koha.lib.tpu.ru/cgi-bin/koha/opac-detail.pl?biblionumber=663920

MARC

LEADER 00000naa0a2200000 4500
001 663920
005 20250430111221.0
035 |a (RuTPU)RU\TPU\network\35090 
035 |a RU\TPU\network\28215 
090 |a 663920 
100 |a 20210317d2020 k||y0rusy50 ba 
101 0 |a eng 
135 |a drcn ---uucaa 
181 0 |a i  
182 0 |a b 
200 1 |a Space quasiconformal composition operators with applications to Neumann eigenvalues  |f V. M. Goldshtein, R. Hurri-Syrjanen, V. A. Pchelintsev, A. D. Ukhlov 
203 |a Text  |c electronic 
300 |a Title screen 
320 |a [References: 37 tit.] 
330 |a In this article we obtain estimates of Neumann eigenvalues of p-Laplace operators in a large class of space domains satisfying quasihyperbolic boundary conditions. The suggested method is based on composition operators generated by quasiconformal mappings and their applications to Sobolev–Poincarй-inequalities. By using a sharp version of the reverse Hцlder inequality we refine our estimates for quasi-balls, that is, images of balls under quasiconformal mappings of the whole space. 
333 |a Режим доступа: по договору с организацией-держателем ресурса 
461 |t Analysis and Mathematical Physics 
463 |t Vol. 10, iss. 4  |v [78, 20 p.]  |d 2020 
610 1 |a электронный ресурс 
610 1 |a труды учёных ТПУ 
610 1 |a elliptic equations 
610 1 |a Sobolev spaces 
610 1 |a эллиптические уравнения 
610 1 |a пространство Соболева 
610 1 |a квазиконформные отображения 
610 1 |a quasiconformal mappings 
701 1 |a Goldshtein  |b V. M.  |g Vladimir Mikhaylovich 
701 1 |a Hurri-Syrjanen  |b R.  |g Ritva 
701 1 |a Pchelintsev  |b V. A.  |c mathematician  |c Senior Lecturer of Tomsk Polytechnic University, candidate of physico-mathematical Sciences  |f 1988-  |g Valery Anatoljevich  |3 (RuTPU)RU\TPU\pers\35715 
701 1 |a Ukhlov  |b A. D.  |g Alexander Dadar-oolovich 
712 0 2 |a Национальный исследовательский Томский политехнический университет  |b Школа базовой инженерной подготовки  |b Отделение математики и информатики  |3 (RuTPU)RU\TPU\col\23555 
801 0 |a RU  |b 63413507  |c 20210317  |g RCR 
850 |a 63413507 
856 4 |u https://doi.org/10.1007/s13324-020-00420-0 
942 |c CF